| 000 | 00632nam a2200193 a 4500 | ||
|---|---|---|---|
| 001 | 000045201 | ||
| 005 | 20201002045948.0 | ||
| 008 | 150210s2001 dr a 000 0 spa d | ||
| 040 |
_aDO-SdBNP _bspa _cBNPHU |
||
| 082 |
_aRD863.44 _bY36c |
||
| 100 | 1 |
_aYbarra, Ondina _973217 |
|
| 245 | 1 | 0 |
_aCumayasa : _bcuento infantil / _cOndina Ybarra. |
| 246 | 1 | 3 | _aCumayasa |
| 260 |
_aSanto Domingo : _bMediabyte, _bCocolo, _c2001. |
||
| 300 |
_a32 p. : _bil. ; _c27 cm. |
||
| 500 | _aIncluye datos biográficos de de la autora en las solapas. | ||
| 650 | 4 |
_aCuentos infantiles dominicanso _972162 |
|
| 650 | 4 |
_aLiteratura infantil dominicana _9441 |
|
| 999 |
_c44690 _d44690 |
||